000 01153nam0a22002531 4500
001 rc\2725983
005 20250806211241.0
035 _a(NLR Aleph) 006853462
090 _a55578
_c55578
100 _a20110915d1943 u y0rusy50 ca
101 0 _arus
102 _aRU
105 _ay z |||||
200 1 _aУказания к проведению переписи оборудования неустановленного, а также установленного но неработавшего в течение месяца, предшествовавшего переписи по состоянию на 31-е января 1943 г.
_fЦентр. стат. упр. Госплана СССР
210 _a[Москва]
_cБ. и.
_d[1943]
215 _a24 с., без обл. и тит. л.
_d20 см.
710 0 1 _aСССР
_bЦентральное Статистическое Управление
_3RU\NLR\AUTH\8810065248
801 0 _aRU
_bNLR
_gpsbo
801 1 _aRU
_bELAR
_2rusmarc
852 _aNLR
_jЭк84 Г-4/24
942 _cBOOK
945 _aРоссийская национальная библиотека
980 _aNB
980 _aBV